Sauvez les Européens en devinant des pays - Statistiques

Statistiques générales
  • Ce quiz a été pris 94 698 fois
    94 213 depuis la dernière actualisation
  • Le résultat moyen est 512 sur 757
Réponses sur la Carte
Les réponses sont colorées sur une échelle allant du rouge au vert en fonction du pourcentage des utilisateurs qui les ont devinées à leur premier essai. Vous pouvez retrouver ces pourcentages ci-dessous.
 
Statistiques - réponses
Population Pays % Correct
67,515,709 France
99%
46,754,778 Espagne
91%
83,783,942 Allemagne
87%
60,461,826 Italie
79%
145,934,462 Russie
78%
67,886,011 Royaume-Uni
77%
10,196,709 Portugal
74%
37,846,611 Pologne
61%
10,099,265 Suède
56%
43,733,762 Ukraine
51%
11,589,623 Belgique
50%
5,421,241 Norvège
49%
8,654,622 Suisse
49%
10,423,054 Grèce
46%
4,937,786 Irlande
44%
5,540,720 Finlande
43%
17,134,872 Pays-Bas
37%
19,237,691 Roumanie
37%
9,006,398 Autriche
36%
9,660,351 Hongrie
28%
341,243 Islande
28%
5,792,202 Danemark
26%
4,105,267 Croatie
24%
6,926,908 Serbie
24%
9,449,323 Biélorussie
23%
6,948,445 Bulgarie
22%
1,326,535 Estonie
21%
5,459,642 Slovaquie
20%
10,708,981 République tchèque
19%
2,078,938 Slovénie
19%
1,886,198 Lettonie
18%
2,722,289 Lituanie
18%
2,877,797 Albanie
16%
625,978 Luxembourg
15%
39,242 Monaco
15%
77,265 Andorre
13%
3,280,819 Bosnie-Herzégovine
12%
441,543 Malte
12%
1,810,463 Kosovo
11%
801 Vatican
11%
4,033,963 Moldavie
10%
628,066 Monténégro
7%
2,083,374 Macédoine du Nord
6%
33,931 Saint-Marin
6%
38,128 Liechtenstein
4%
Aucun quiz correspondant
Distribution des résultats
% des personnes avec chaque résultat
Percentile par nombre de réponses
Votre historique - résultats
Vous n’avez pas pris ce quiz depuis la dernière actualisation